[Event "Maresme op 9th"]
[Site "Maresme"]
[Date "2012.10.20"]
[Round "4"]
[White "Maynat Anglas, Josep"]
[Black "Perea Cano, Javier"]
[Result "1-0"]
[WhiteElo "1833"]
[BlackElo "1766"]
[PlyCount "109"]
[EventDate "2012.09.29"]
[EventType "swiss"]
[EventRounds "9"]
[EventCountry "ESP"]
[SourceTitle "EXT 2014"]
[Source "ChessBase"]
[SourceDate "2013.11.20"]
[SourceVersion "1"]
[SourceVersionDate "2013.11.20"]
[SourceQuality "1"]

1. e4 e5 2. Nf3 Nc6 3. c3 Nf6 4. Qc2 d5 5. d3 dxe4 6. dxe4 Bg4 7. Be2 Bc5 8. 0-0 0-0 9. Bg5 Be7 10. Nbd2 Ne8 11. Bxe7 Qxe7 12. h3 Be6 13. Nh2 Nf6 14. Rfd1 Rad8 15. Ndf1 Rxd1 16. Qxd1 Nxe4 17. Bf3 Nf6 18. Bxc6 bxc6 19. Ne3 Rd8 20. Qe2 h6 21. Neg4 Nxg4 22. Nxg4 Bxg4 23. hxg4 Qd6 24. Re1 f6 25. b4 Qd2 26. Qc4+ Kh8 27. Rf1 Qd6 28. a4 Qd5 29. Qa6 Ra8 30. Qb7 Rd8 31. Qxa7 Qd7 32. a5 Qxg4 33. Qxc7 Qd7 34. Qxd7 Rxd7 35. a6 Ra7 36. Ra1 Kg8 37. c4 Kf7 38. b5 Ra8 39. b6 Ke7 40. b7 Rb8 41. a7 Rxb7 42. a8Q Rc7 43. Qg8 Rd7 44. c5 e4 45. Qxg7+ Ke6 46. Qg4+ f5 47. Qg6+ Ke5 48. Qxh6 f4 49. Qg5+ Ke6 50. Qxf4 Rd4 51. Ra6 Kd5 52. Qd6+ Kc4 53. Ra4+ Kb5 54. Qxd4 e3 55. Qc4# 1-0

[Event "Maresme op 9th"]
[Site "Maresme"]
[Date "2012.10.06"]
[Round "2"]
[White "Vizcaino Marin, Jose Luis"]
[Black "Perea Cano, Javier"]
[Result "1-0"]
[WhiteElo "2071"]
[BlackElo "1766"]
[PlyCount "125"]
[EventDate "2012.09.29"]
[EventType "swiss"]
[EventRounds "9"]
[EventCountry "ESP"]
[SourceTitle "EXT 2014"]
[Source "ChessBase"]
[SourceDate "2013.11.20"]
[SourceVersion "1"]
[SourceVersionDate "2013.11.20"]
[SourceQuality "1"]

1. d4 d5 2. Nf3 Nf6 3. Bf4 Bg4 4. e3 Nc6 5. Nbd2 e6 6. c3 Bd6 7. Bg3 Bxg3 8. hxg3 e5 9. dxe5 Nxe5 10. Qc2 Nxf3+ 11. Nxf3 Bxf3 12. gxf3 Qe7 13. Qa4+ Qd7 14. Qb4 Rb8 15. Bd3 Qe7 16. Qa4+ c6 17. Qxa7 0-0 18. Qd4 c5 19. Qh4 h6 20. 0-0 b5 21. Kg2 Qe5 22. Rad1 Qg5 23. Qxg5 hxg5 24. Rd2 c4 25. Bb1 b4 26. e4 bxc3 27. bxc3 dxe4 28. Bxe4 Nxe4 29. fxe4 Rfd8 30. Rfd1 Rxd2 31. Rxd2 Ra8 32. Kf3 Ra3 33. Rc2 f6 34. Ke3 Kf7 35. Kd4 Ra4 36. Kc5 Ke6 37. Kb5 Ra8 38. Kxc4 Ke5 39. Kd3 g6 40. Ke3 f5 41. f4+ gxf4+ 42. gxf4+ Kf6 43. e5+ Ke6 44. Rb2 Ra6 45. Kd4 Ra4+ 46. c4 Kf7 47. Kd5 Ra5+ 48. c5 Ra4 49. c6 Ke7 50. Rb7+ Kd8 51. e6 Rxa2 52. e7+ Ke8 53. Ke6 Re2+ 54. Kf6 Rxe7 55. Rxe7+ Kd8 56. Rd7+ Kc8 57. Kxg6 Kb8 58. Kxf5 Kc8 59. Ke6 Kb8 60. f5 Kc8 61. f6 Kb8 62. f7 Ka8 63. f8Q# 1-0